000 00892namaa2200277 a 4500
001 vtls001304889
003 NLI
005 20210627043905.0
008 120418s1979 dcua 00 0 und
039 9 _y201204181935
_zVLOAD
040 0 _aNLI
_cVTLS-2012_FOD
_eAACR2
041 0 _aeng
044 _adcu
082 0 4 _a551.5073622
245 0 0 _aEnvironmental satellite imagery. (National Enviromental Data Service) Washington.
260 _aWashington, D.C. :
_bEnvironmental Data and Information Service,
_c1979
300 _aVarious pagings :
_bill. ;
_c29 cm.
440 _aKey to meteorological records documentation
_vno. 5.4
_9725487
650 0 _aWeather
_9725488
650 0 _aAtmospheric physics
_9712600
887 _a
901 _aAD 87381
_b31.08.2010
902 _aU.S 551.5073622 En 88
949 _AVIRTUAITEM
_D10000
_X100
_6ADX000087381ENG
942 _2ddc
_cBKS
999 _c596206
_d596206